Statistics for Salma Hayek Filmography

Click here to take the quiz!

General Stats

  • This quiz has been taken 70 times
    (12 since last reset)
  • The average score is 19 of 102

Answer Stats

TypeYearName% Correct
Film1996From Dusk till Dawn
83%
Film2010Grown Ups
75%
Film2013Grown Ups 2
75%
Film2002Frida
67%
Film1995Desperado
50%
Film2021Eternals
50%
Film2017The Hitman's Bodyguard
50%
Film1997Fools Rush In
42%
Film2003Once Upon a Time in Mexico
42%
Film2011Puss in Boots
42%
TV Show2003Saturday Night Live
42%
Film2021House of Gucci
33%
Film2022Puss in Boots: The Last Wish
33%
Film199854
25%
Film2004After the Sunset
25%
Film2021Bliss
25%
Film1999Dogma
25%
Film2012Here Comes the Boom
25%
Film2021Hitman's Wife's Bodyguard
25%
Film1993Mi Vida Loca
25%
TV Film1994Roadracers
25%
Film2003Spy Kids 3-D: Game Over
25%
Film1998The Faculty
25%
TV Film1997The Hunchback
25%
TV Show2006-2007Ugly Betty
25%
Film | Music Video1999Wild Wild West
25%
TV Show2009-201330 Rock
17%
Film2007Across the Universe
17%
Film2011Americano
17%
Film2006Ask the Dust
17%
Film2017Beatriz at Dinner
17%
Film1997Breaking Up
17%
Film2000Chain of Fools
17%
Film2009Cirque du Freak: The Vampire's Assistant
17%
TV Show1992Dream On
17%
Film2019Drunk Parents
17%
Film2014Everly
17%
Film1996Fled
17%
Film1996Follow Me Home
17%
Film1995Four Rooms
17%
Film2001Hotel
17%
Film2017How to Be a Latin Lover
17%
TV Film2001In the Time of the Butterflies
17%
Film2020Like a Boss
17%
Film2006Lonely Hearts
17%
Film2023Magic Mike's Last Dance
17%
Film2014Muppets Most Wanted
17%
Commercial1997, 1999Revlon
17%
Film2016Sausage Party
17%
Film2015Septembers of Shiraz
17%
Film2014Some Kind of Beautiful
17%
Film2015Tale of Tales
17%
TV Show1989Teresa
17%
Film2018The Hummingbird Project
17%
Film2012The Pirates! In an Adventure with Scientists!
17%
Film2014The Prophet
17%
Film2020The Roads Not Taken
17%
TV Show1993The Sinbad Show
17%
Film2000Timecode
17%
Film2000Traffic
17%
Short Film201711th Hour
8%
TV Show1999Action
8%
Commercial2012America's Milk Processors
8%
Film2011As Luck Would Have It
8%
Commercial2004Avon
8%
Film2006Bandidas
8%
Commercial2022BMW
8%
Commercial1980sBurger Boy
8%
Commercial2012Burger King
8%
Documentary Series2014Bystander Revolution
8%
TV Show2012Celebrity Style Story
8%
TV Film1994Cherry Street, South of Main
8%
Commercial2004Coca-Cola
8%
TV Show2010Cubed
8%
TV Show1994El Vuelo del Águila
8%
Film1995Fair Game
8%
TV Documentary2014Ferite a Morte
8%
TV Show1997Gente Bien
8%
Documentary2013Girl Rising
8%
Commercial2001Head & Shoulders
8%
Short Film2016I Saved My Belly Dancer
8%
TV Show1993Jack's Place
8%
Film2000Living It Up
8%
Film1995Midaq Alley
8%
Documentary Series2017Nature Is Speaking
8%
TV Special2005Nobel Peace Prize Concert
8%
Film1999No One Writes to the Colonel
8%
TV Show1992Nurses
8%
TV Show2005Punk'd
8%
TV Show1994Rebel Highway
8%
Film2012Savages
8%
Short Film2012Savages: The Interrogations
8%
Music Video1996She's Just Killing Me
8%
Short Film1997Sistole Diastole
8%
TV Show1992Street Justice
8%
Film1998The Velocity of Gary
8%
TV Show1988-1989Un Nuevo Amanecer
8%
Documentary2003V-Day: Until the Violence Stops
8%
Commercial2000Veracruz Tourism
8%
TV Show2006Will & Grace
8%
FilmTBAWithout Blood
8%

Score Distribution

Percentile by Number Answered

Percent of People with Each Score

Your Score History

You have not taken this quiz since the last reset